Vox: diccionario ilustrado latino-español español-latino
Guardado en:
| Formato: | Libro |
|---|---|
| Lenguaje: | español |
| Publicado: |
Barcelona
Biblograf
1981
|
| Edición: | 13a. ed |
| Materias: | |
| Etiquetas: |
Agregar Etiqueta
Sin Etiquetas, Sea el primero en etiquetar este registro!
|
MARC
| LEADER | 00000nam a2200000 a 4500 | ||
|---|---|---|---|
| 001 | UCZ0113 | ||
| 003 | CL-VaPUC | ||
| 008 | 950724e19810200SP |||||||||||||||||spa|d | ||
| 082 | 0 | 4 | |a 473.61 |b DIC |2 21 |
| 245 | 1 | 0 | |a Vox: diccionario ilustrado latino-español español-latino |
| 250 | |a 13a. ed | ||
| 300 | |a 715 p | ||
| 942 | |c BK | ||
| 945 | |d 19950724 00:00:00 |a cmena | ||
| 260 | |a Barcelona |b Biblograf |c 1981 | ||
| 650 | 0 | |a Latín |9 269544 | |
| 650 | 0 | |a Español |9 255372 | |
| 650 | 0 | |a Diccionarios |9 256200 | |
| 650 | 0 | |a Glosarios |9 261047 | |
| 583 | |a last modification |c 19950724 00:00:00 |k Rodrigo Vera | ||
| 999 | |c 237082 |d 237080 | ||
| 952 | |0 0 |1 0 |4 0 |6 473_610000000000000_DIC_1981 |7 0 |8 R |9 245841 |a BIBEDU |b BIBEDU |c MCIRC |d 2019-11-18 |i 1542877 |l 11 |o 473.61 DIC 1981 |p 1542877 |r 2025-04-11 |s 2025-04-11 |w 2019-11-18 |y BK_R |k EDU | ||